Las tentaciones de don antonio / estudio preliminar de liliana guaragno.
Guardado en:
| Autor Principal: | |
|---|---|
| Otros Autores: | |
| Formato: | Libro |
| Idioma: | Spanish |
| Publicado: |
Buenos Aires :
Biblioteca Nacional : Colihue, c2006.
|
| Series: | Los raros ; 11
|
| Materias: | |
| Etiquetas: |
Agregar Etiqueta
Sin Etiquetas, Sea el primero en etiquetar este registro!
|
| LEADER | 00788nam a22002535a 4500 | ||
|---|---|---|---|
| 001 | EHU.bham030366 | ||
| 003 | AR-BHAM | ||
| 005 | 20081006155134.0 | ||
| 005 | 20070821085612.0 | ||
| 008 | 070223s2006####ag############000#1#spa#d | ||
| 010 | |a 2007450168 | ||
| 020 | |a 9505639104 | ||
| 082 | A | 8 | |a 863.4 |
| 100 | 1 | |a Méndez Calzada, Enrique, 1898-1940. | |
| 245 | 1 | 0 | |a Las tentaciones de don antonio / |b estudio preliminar de liliana guaragno. |c Enrique Méndez Calzada : |
| 260 | |a Buenos Aires : |b Biblioteca Nacional : |b Colihue, c2006. | ||
| 300 | |a 201 p. | ||
| 490 | 0 | |a Los raros ; 11 | |
| 653 | |a Novela argentina-1901- | ||
| 653 | |a Literatura argentina-1901- | ||
| 700 | 1 | |a Guaragno, Liliana L. | |
| 859 | |a AR-BHAM |b BIB. HUMANIDADES - General |h A863.4 |i M522 |k A |p 256.08 |t Ej.1 | ||
